[Event "POL-chT4 Kujawsko Pomorskie 1011"]
[Site "Poland"]
[Date "2010.11.07"]
[Round "1.43"]
[White "Jastrzebski, Wlodzimierz"]
[Black "Nowak, Dawid"]
[Result "0-1"]
[WhiteElo "1793"]
[BlackElo "1617"]
[PlyCount "118"]
[EventDate "2010.11.07"]
[EventType "team-swiss"]
[EventRounds "10"]
[EventCountry "POL"]
[SourceTitle "EXT 2019"]
[Source "ChessBase"]
[SourceDate "2018.10.10"]
[SourceVersion "1"]
[SourceVersionDate "2018.10.10"]
[SourceQuality "1"]

1. e4 e6 2. d4 d5 3. exd5 exd5 4. Nf3 Bd6 5. Bd3 Ne7 6. 0-0 Bf5 7. Bxf5 Nxf5 8. Re1+ Ne7 9. Ne5 0-0 10. Qg4 Bxe5 11. dxe5 Nbc6 12. Bg5 Qc8 13. Qd1 Qf5 14. Bxe7 Nxe7 15. Nc3 c6 16. Qe2 Rfe8 17. e6 Qxe6 18. Qxe6 fxe6 19. Rxe6 Nf5 20. Rae1 Rxe6 21. Rxe6 Nd4 22. Re7 Nxc2 23. Re2 Nd4 24. Rd2 Nf5 25. g4 Nh4 26. Re2 Kf7 27. f4 Re8 28. Kf2 Rxe2+ 29. Nxe2 Ng6 30. Ke3 c5 31. b3 b6 32. Kd3 Ne7 33. h4 Nc6 34. a3 Ke6 35. h5 b5 36. Ke3 c4 37. bxc4 dxc4 38. Ke4 a5 39. g5 b4 40. axb4 axb4 41. f5+ Kf7 42. Ke3 h6 43. g6+ Kf6 44. Ng3 b3 45. Ne4+ Kxf5 46. Nd6+ Kg5 47. Nxc4 Kxh5 48. Kd2 Kxg6 49. Kc3 Kf5 50. Kxb3 Kf4 51. Kc3 h5 52. Kd2 Kf3 53. Ke1 g5 54. Kf1 g4 55. Kg1 g3 56. Nd2+ Kg4 57. Kg2 h4 58. Ne4 h3+ 59. Kh1 Ne5 0-1

[Event "POL-chT4 Kujawsko Pomorskie 0809"]
[Site "Poland"]
[Date "2009.01.25"]
[Round "6.10"]
[White "Zawada, Andrzej"]
[Black "Jastrzebski, Wlodzimierz"]
[Result "0-1"]
[WhiteElo "1728"]
[BlackElo "1820"]
[PlyCount "58"]
[EventDate "2008.11.09"]
[EventType "team-tourn"]
[EventRounds "9"]
[EventCountry "POL"]
[SourceTitle "EXT 2019"]
[Source "ChessBase"]
[SourceDate "2018.10.10"]
[SourceVersion "1"]
[SourceVersionDate "2018.10.10"]
[SourceQuality "1"]

1. e4 c5 2. b3 Nc6 3. Bb2 d6 4. Nf3 Bg4 5. Be2 Nf6 6. d3 e6 7. e5 Nd5 8. exd6 Qxd6 9. Nbd2 Nf4 10. 0-0 Nxe2+ 11. Qxe2 Nd4 12. Bxd4 cxd4 13. Qe4 Bxf3 14. Nxf3 Be7 15. Qxb7 0-0 16. Qe4 Rac8 17. Qe2 Rc7 18. Ne5 Qd5 19. Nc4 Qg5 20. a4 h5 21. Rac1 Rfc8 22. Qe4 Bf6 23. f4 Qc5 24. Kh1 Be7 25. f5 Qd5 26. fxe6 fxe6 27. Qg6 Bf8 28. Rce1 Bd6 29. Rxe6 Rf8 0-1

[Event "POL-chT3 0607"]
[Site "Poland"]
[Date "2007.01.28"]
[Round "6.11"]
[White "Chmielewski, Pawel"]
[Black "Jastrzebski, Wlodzimierz"]
[Result "1-0"]
[WhiteElo "1800"]
[BlackElo "1762"]
[PlyCount "111"]
[EventDate "2006.11.12"]
[EventType "team"]
[EventRounds "11"]
[EventCountry "POL"]
[SourceTitle "EXT 2009"]
[Source "ChessBase"]
[SourceDate "2008.11.26"]
[SourceVersion "1"]
[SourceVersionDate "2008.11.26"]
[SourceQuality "1"]

1. e4 c5 2. Nf3 Nc6 3. c3 d6 4. d4 cxd4 5. cxd4 Nf6 6. Nc3 e6 7. Bb5 Bd7 8. 0-0 a6 9. Bxc6 bxc6 10. Bg5 Be7 11. Re1 0-0 12. Rc1 h6 13. Bf4 Nh5 14. Be3 Nf6 15. h3 Rb8 16. b3 Nh7 17. Qe2 Qa5 18. Bd2 d5 19. Nxd5 Qd8 20. Nxe7+ Qxe7 21. Qxa6 Ra8 22. Qc4 Rfc8 23. a4 Nf6 24. a5 Ne8 25. Bb4 Qd8 26. e5 Nc7 27. Ra1 Nd5 28. Bd2 Rcb8 29. Reb1 Rb5 30. Ne1 Qb8 31. Nd3 Be8 32. a6 Qb6 33. Nc5 Nc7 34. Rb2 Nd5 35. Rba2 Nb4 36. Ra4 Nd5 37. a7 Qc7 38. Ra6 Nb6 39. Qd3 Nc8 40. Ne4 Rxa7 41. Rxa7 Nxa7 42. Bxh6 gxh6 43. Qg3+ Kf8 44. Qh4 Ra5 45. Qxh6+ Ke7 46. Qh4+ Kd7 47. Nf6+ Kc8 48. Rxa5 Qxa5 49. Nxe8 Qb4 50. Nd6+ Kd7 51. Qf4 Nc8 52. Qxf7+ Ne7 53. Qe8+ Kc7 54. Qxe7+ Kb8 55. Qf8+ Kc7 56. Ne8+ 1-0

[Event "POL-chT3 0607"]
[Site "Poland"]
[Date "2007.01.07"]
[Round "4.5"]
[White "Michalski, Andrzej"]
[Black "Jastrzebski, Wlodzimierz"]
[Result "1-0"]
[WhiteElo "1800"]
[BlackElo "1762"]
[PlyCount "141"]
[EventDate "2006.11.12"]
[EventType "team"]
[EventRounds "11"]
[EventCountry "POL"]
[SourceTitle "EXT 2009"]
[Source "ChessBase"]
[SourceDate "2008.11.26"]
[SourceVersion "1"]
[SourceVersionDate "2008.11.26"]
[SourceQuality "1"]

1. e4 c5 2. Nf3 Nc6 3. d4 cxd4 4. Nxd4 d6 5. a3 Nf6 6. Nc3 g6 7. Bc4 Bg7 8. Nde2 a6 9. 0-0 0-0 10. Ng3 b5 11. Ba2 Bb7 12. Re1 Rc8 13. h3 Ne8 14. Nd5 h6 15. c3 e6 16. Nf4 Qf6 17. Be3 Na5 18. Nd3 Nc4 19. Bc1 Qh4 20. Qg4 Qxg4 21. hxg4 Kh7 22. f4 Nxa3 23. Bb3 Nc4 24. f5 Nc7 25. g5 hxg5 26. Bxg5 f6 27. fxg6+ Kxg6 28. Bc1 Rh8 29. Bc2 Kf7 30. Rf1 Bh6 31. Nf4 Bxf4 32. Rxf4 Rcg8 33. Nf1 Ke7 34. Ne3 Rg7 35. Rg4 Rgh7 36. Nxc4 bxc4 37. Kf2 d5 38. e5 f5 39. Bg5+ Kf7 40. Rg3 Rg8 41. Bf6 Rxg3 42. Kxg3 Ne8 43. Bd8 Rg7+ 44. Kf2 d4 45. Rg1 d3 46. Bd1 f4 47. Bf3 Bxf3 48. Kxf3 Kg6 49. Kxf4 Rd7 50. Bb6 Rb7 51. Ba5 Rxb2 52. g4 Rf2+ 53. Ke3 Re2+ 54. Kd4 d2 55. Rd1 Kg5 56. Kxc4 Rxe5 57. Bd8+ Kxg4 58. Rxd2 Re4+ 59. Kc5 Re5+ 60. Kb6 Kf4 61. c4 a5 62. c5 a4 63. c6 Rd5 64. Rf2+ Ke5 65. Be7 a3 66. Bxa3 Nd6 67. Bxd6+ Kxd6 68. c7 Kd7 69. Rf7+ Ke8 70. Rh7 Rd6+ 71. Kc5 1-0

[Event "Chojnice op-B 2nd"]
[Site "Chojnice"]
[Date "2006.??.??"]
[Round "6"]
[White "Sobolewski, Bartosz"]
[Black "Jastrzebski, Wlodzimierz"]
[Result "1-0"]
[WhiteElo "1800"]
[BlackElo "1785"]
[PlyCount "75"]
[EventDate "2006.07.??"]
[EventType "swiss"]
[EventRounds "9"]
[EventCountry "POL"]
[SourceTitle "EXT 2007"]
[Source "ChessBase"]
[SourceDate "2006.11.23"]
[SourceVersion "1"]
[SourceVersionDate "2006.11.23"]
[SourceQuality "1"]

1. e4 c5 2. Nf3 Nc6 3. d4 cxd4 4. Nxd4 d6 5. Be3 Nf6 6. Nc3 g6 7. f3 Bg7 8. Qd2 Bd7 9. Bc4 a6 10. 0-0-0 b5 11. Bb3 Na5 12. g4 Nc4 13. Bxc4 bxc4 14. h4 h5 15. g5 Nh7 16. f4 e5 17. Nde2 Bg4 18. Qxd6 Qxd6 19. Rxd6 exf4 20. Bxf4 0-0 21. Rhd1 Bxc3 22. bxc3 Bxe2 23. R1d2 Bg4 24. Rc6 Rfc8 25. Rdd6 Rxc6 26. Rxc6 Be6 27. Kb2 a5 28. Ka3 Nf8 29. Rc5 Nd7 30. Rb5 a4 31. Kb4 Kg7 32. Ra5 Rb8+ 33. Bxb8 Nxb8 34. Rxa4 Nc6+ 35. Kc5 Ne5 36. Ra6 Nf3 37. a4 Bd7 38. Ra7 1-0

[Event "Chojnice op"]
[Site "Chojnice"]
[Date "2005.??.??"]
[Round "5"]
[White "Jastrzebski, Wlodzimierz"]
[Black "Staroszczyk, Mateusz"]
[Result "0-1"]
[WhiteElo "1800"]
[BlackElo "1977"]
[PlyCount "66"]
[EventDate "2005.05.27"]
[EventType "swiss"]
[EventRounds "9"]
[EventCountry "POL"]
[SourceTitle "EXT 2007"]
[Source "ChessBase"]
[SourceDate "2006.11.23"]
[SourceVersion "1"]
[SourceVersionDate "2006.11.23"]
[SourceQuality "1"]

1. e4 e5 2. Nf3 Nf6 3. Nc3 Nc6 4. d4 exd4 5. Nxd4 Bb4 6. Nxc6 bxc6 7. Bd3 0-0 8. 0-0 d5 9. e5 Ng4 10. h3 Nxe5 11. Bxh7+ Kxh7 12. Qh5+ Kg8 13. Qxe5 Re8 14. Qd4 Bd6 15. Bf4 Qh4 16. g3 Qxh3 17. Bxd6 cxd6 18. Rfe1 Bf5 19. Qh4 Qxh4 20. gxh4 d4 21. Ne2 c5 22. Rac1 Re4 23. Ng3 Rxe1+ 24. Rxe1 Bxc2 25. b3 d3 26. Nf1 Kf8 27. Nd2 Re8 28. Kf1 Rxe1+ 29. Kxe1 d5 30. f3 Ke7 31. Kf2 Kf6 32. Kg3 Ke5 33. Kf2 Kd4 0-1